ไอทีกับการเมืองไทย / (ระเบียนเลขที่ 47281)
| 000 -LEADER | |
|---|---|
| fixed length control field | 01571nam a22003497a 4500 |
| 003 - CONTROL NUMBER IDENTIFIER | |
| control field | NALT |
| 005 - DATE AND TIME OF LATEST TRANSACTION | |
| control field | 20220401110707.0 |
| 008 - FIXED-LENGTH DATA ELEMENTS--GENERAL INFORMATION | |
| fixed length control field | s2549 th tha d |
| 020 ## - INTERNATIONAL STANDARD BOOK NUMBER | |
| International Standard Book Number | 9749410599 |
| 040 ## - CATALOGING SOURCE | |
| Original cataloging agency | NALT |
| 041 ## - LANGUAGE CODE | |
| Language code of text/sound track or separate title | tha |
| 050 ## - LIBRARY OF CONGRESS CALL NUMBER | |
| Classification number | TK 5105.884 |
| Item number | น169อ 2549 |
| 100 0# - MAIN ENTRY--PERSONAL NAME | |
| Personal name | นพดล อินนา |
| 9 (RLIN) | 57529 |
| 245 10 - TITLE STATEMENT | |
| Title | ไอทีกับการเมืองไทย / |
| Statement of responsibility, etc. | นพดล อินนา. |
| 260 ## - PUBLICATION, DISTRIBUTION, ETC. | |
| Place of publication, distribution, etc. | กรุงเทพฯ : |
| Name of publisher, distributor, etc. | จามจุรีโปรดักท์, |
| Date of publication, distribution, etc. | 2549 |
| 300 ## - PHYSICAL DESCRIPTION | |
| Extent | 346 หน้า : |
| Other physical details | ภาพประกอบ, ตาราง ; |
| Dimensions | 26 ซม. |
| 500 ## - GENERAL NOTE | |
| General note | หนังสือที่น่าสนใจสำหรับสมาชิกรัฐสภา |
| 650 04 - SUBJECT ADDED ENTRY--TOPICAL TERM | |
| Topical term or geographic name entry element | อินเตอร์เน็ต -- อิทธิพลต่อการเมือง |
| 650 04 - SUBJECT ADDED ENTRY--TOPICAL TERM | |
| Topical term or geographic name entry element | เทคโนโลยีกับการเมือง |
| 650 04 - SUBJECT ADDED ENTRY--TOPICAL TERM | |
| Topical term or geographic name entry element | โดเมนเนม |
| 650 04 - SUBJECT ADDED ENTRY--TOPICAL TERM | |
| Topical term or geographic name entry element | เว็บไซต์การเมือง |
| 650 04 - SUBJECT ADDED ENTRY--TOPICAL TERM | |
| Topical term or geographic name entry element | บัตรเครดิต |
| 650 04 - SUBJECT ADDED ENTRY--TOPICAL TERM | |
| Topical term or geographic name entry element | E--Security |
| 650 04 - SUBJECT ADDED ENTRY--TOPICAL TERM | |
| Topical term or geographic name entry element | ข้อมูล -- การรักษาความปลอดภัย |
| 650 04 - SUBJECT ADDED ENTRY--TOPICAL TERM | |
| Topical term or geographic name entry element | ไวรัส (คอมพิวเตอร์) |
| 650 04 - SUBJECT ADDED ENTRY--TOPICAL TERM | |
| Topical term or geographic name entry element | สื่อมวลชนกับการเมือง |
| 650 04 - SUBJECT ADDED ENTRY--TOPICAL TERM | |
| Topical term or geographic name entry element | อินเตอร์เน็ต |
| 650 04 - SUBJECT ADDED ENTRY--TOPICAL TERM | |
| Topical term or geographic name entry element | เว็บไซต์ |
| 650 04 - SUBJECT ADDED ENTRY--TOPICAL TERM | |
| Topical term or geographic name entry element | พาณิชย์อิเล็กทรอนิกส์ |
| 850 ## - HOLDING INSTITUTION | |
| Holding institution | NALT |
| 942 ## - ADDED ENTRY ELEMENTS (KOHA) | |
| Koha item type | General Book |
| Source of classification or shelving scheme | Library of Congress Classification |
| 998 ## - STAFF NAME (NALT) | |
| -- | 109 |
| -- | อารีรัตน์ วิชาช่าง |
| Withdrawn status | Lost status | Damaged status | Not for loan | Collection code | Home library | Current library | Shelving location | Date acquired | Full call number | Barcode | Date last seen | Copy number | Price effective from | Koha item type | Total Checkouts | Total Renewals | Date last checked out | Source of classification or shelving scheme |
|---|---|---|---|---|---|---|---|---|---|---|---|---|---|---|---|---|---|---|
| Withdrawn for donation | Withdrawing | General Book collection | National Assembly Library of Thailand | National Assembly Library of Thailand | Donation box | 12/10/2021 | TK 5105.884 น169อ 2549 | 3961159238 | 09/06/2017 | ฉ. 2 | 09/06/2017 | General Book | ||||||
| General Book collection | National Assembly Library of Thailand | National Assembly Library of Thailand | TK 5105.884 น169อ 2549 | 3961159237 | 25/01/2018 | ฉ. 1 | 09/06/2017 | General Book | 2 | 1 | 22/01/2018 | |||||||
| Senate | National Assembly Library of Thailand | National Assembly Library of Thailand | General Book shelves | 10/03/2022 | TK 5105.884 น169อ 2549 | 0100002556001 | 18/10/2022 | 10/03/2022 | General Book | Library of Congress Classification |
